=LDR 00000nam 2200000 4500 =001 INLIS00000000000059 =005 20260702043538 =020 ##$$a 978-602-7636-41-5 =082 ##$$a 027.042 =100 1#$$a Junaedi, Tri Hastuti Nur R. &Fajar =245 1 $$a Media Parenting /$c Tri Hastuti Nur R. &Fajar Junaedi =300 ##$$a 92 hal ; 16 x 21